[Event "Irkutsk-ch sf"]
[Site "Irkutsk"]
[Date "2010.02.24"]
[Round "5"]
[White "Ashomkin, Maksim"]
[Black "Petrushin, Maxim"]
[Result "1/2-1/2"]
[WhiteElo "1989"]
[BlackElo "1932"]
[PlyCount "87"]
[EventDate "2010.02.20"]
[EventType "swiss"]
[EventRounds "7"]
[EventCountry "RUS"]
[SourceTitle "EXT 2022"]
[Source "ChessBase"]
[SourceDate "2021.10.06"]
[SourceVersion "1"]
[SourceVersionDate "2021.10.06"]
[SourceQuality "1"]

1. Nf3 d5 2. c4 d4 3. e3 c5 4. b4 dxe3 5. fxe3 cxb4 6. d4 e6 7. Bd3 Nf6 8. 0-0 Nc6 9. Bb2 Qb6 10. Kh1 Be7 11. Nbd2 0-0 12. e4 Rd8 13. Qe2 Nh5 14. c5 Qc7 15. Bc4 Na5 16. Ne5 Nxc4 17. Ndxc4 Nf6 18. Ng4 Ne8 19. Rf3 b6 20. Rg3 Bf8 21. d5 Kh8 22. Nh6 bxc5 23. Qh5 exd5 24. Nxf7+ Kg8 25. Nxd8 Qxd8 26. Rf1 Be6 27. Qe5 Qd7 28. exd5 Qxd5 29. Qf4 Be7 30. Bxg7 Nxg7 31. Qh6 Bf8 32. Rxf8+ Kxf8 33. Qxg7+ Ke8 34. h3 Qxc4 35. Qh8+ Ke7 36. Qxa8 Qxa2 37. Qb7+ Kd6 38. Kh2 Qe2 39. Qb8+ Kd5 40. Rg5+ Kc4 41. Re5 Qd2 42. Rxe6 b3 43. Re4+ Kd3 44. Re7 1/2-1/2

[Event "Irkutsk-ch sf"]
[Site "Irkutsk"]
[Date "2010.02.22"]
[Round "3"]
[White "Petrushin, Maxim"]
[Black "Kopylov, Oleg"]
[Result "1-0"]
[WhiteElo "1932"]
[BlackElo "2006"]
[PlyCount "104"]
[EventDate "2010.02.20"]
[EventType "swiss"]
[EventRounds "7"]
[EventCountry "RUS"]
[SourceTitle "EXT 2022"]
[Source "ChessBase"]
[SourceDate "2021.10.06"]
[SourceVersion "1"]
[SourceVersionDate "2021.10.06"]
[SourceQuality "1"]

1. e4 c5 2. Nf3 d6 3. d4 cxd4 4. Nxd4 Nf6 5. Nc3 Nc6 6. Nb3 e5 7. Be2 Be6 8. 0-0 d5 9. exd5 Nxd5 10. Ne4 Be7 11. Nec5 Bc8 12. Bf3 Nc7 13. Qe2 Bxc5 14. Nxc5 Qe7 15. Qc4 0-0 16. Be3 Be6 17. Nxe6 Qxe6 18. Qb3 Qxb3 19. axb3 Nb5 20. Bxc6 bxc6 21. Ra6 Rfc8 22. Rfa1 Rc7 23. c3 f6 24. Kf1 Kf7 25. b4 Ke7 26. Bc5+ Kd7 27. c4 Nd4 28. Rxa7 Raxa7 29. Rxa7 Rxa7 30. Bxa7 Ne6 31. g3 Ng5 32. Ke2 f5 33. f3 e4 34. fxe4 Nxe4 35. Ke3 g5 36. Kd4 Nd2 37. Kd3 Nf3 38. h3 h5 39. Be3 h4 40. gxh4 gxh4 41. Bf2 Ng5 42. Bxh4 Nxh3 43. Ke3 Ke6 44. Kd4 Nf4 45. b3 Ne2+ 46. Kc5 Kd7 47. b5 cxb5 48. Kxb5 f4 49. Kb6 Nc3 50. b4 Kc8 51. b5 f3 52. Kc6 Ne4 1-0

[Event "Irkutsk-ch sf"]
[Site "Irkutsk"]
[Date "2010.02.20"]
[Round "1"]
[White "Petrushin, Maxim"]
[Black "Terleev, Anatoly"]
[Result "1-0"]
[WhiteElo "1932"]
[BlackElo "1727"]
[PlyCount "67"]
[EventDate "2010.02.20"]
[EventType "swiss"]
[EventRounds "7"]
[EventCountry "RUS"]
[SourceTitle "EXT 2022"]
[Source "ChessBase"]
[SourceDate "2021.10.06"]
[SourceVersion "1"]
[SourceVersionDate "2021.10.06"]
[SourceQuality "1"]

1. e4 e5 2. Nf3 Nc6 3. d4 exd4 4. Bc4 h6 5. Nxd4 Ne5 6. Be2 Nf6 7. f4 Nxe4 8. fxe5 Qh4+ 9. g3 Nxg3 10. Nf3 Qh5 11. Rg1 Nf5 12. Qd5 Be7 13. Bf4 Bh4+ 14. Kd2 g5 15. Nxg5 Qg6 16. Nf3 Qb6 17. Qe4 d5 18. exd6+ Be6 19. dxc7 Bg5 20. Nxg5 hxg5 21. Rxg5 Ne7 22. Nc3 Ng6 23. Bg3 Ne7 24. Rf1 a5 25. Kc1 a4 26. a3 Rh6 27. Bb5+ Kf8 28. Re5 Ra5 29. Bh4 Nc8 30. Qb4+ Kg7 31. Rg5+ Rg6 32. Rxg6+ Kxg6 33. Qe4+ Kg7 34. Bf6+ 1-0